| 000 | 01197nam a22001817a 4500 | ||
|---|---|---|---|
| 003 | JO-AjAnu | ||
| 005 | 20250323102616.0 | ||
| 008 | 250316b jo ||||| |||| 00| 0 ara d | ||
| 040 | _cJO-AjAnu | ||
| 100 |
_aبني عطا، معاذ محمد جمال _eمعد _966529 |
||
| 245 |
_aالتأثر والتأثير بين روايتي "الخيميائي" لباولو كويلر، و"رحلة ابن فطومة" لنجيب محفوظ : (دراسة مقارنة) = Influence and Being Influenced Between the novels "The Alchemist" by Paulo Coelho and "The Journey of Ibn Fatouma" by Naguib Mahfouz : (A comparative study) _c / اعداد معاذ محمد جمال بني عطا ؛ اشراف عبد الرحيم مراشدة |
||
| 260 | _c2025 | ||
| 300 | _a149 ورقة | ||
| 500 | _aرسالة جامعية ( رسالة ماجستير في اللغة العربية) - جامعة عجلون الوطنية، (عجلون،الاردن) - كلية الآداب، قسم اللغة العربية، 2025. | ||
| 650 | _vالادب المقارن-الادب العربي-الادب الغربي-تاريخ ونقد | ||
| 700 |
_aمراشدة، عبدالرحيم _963488 |
||
| 942 |
_2lcc _cTHS _n0 |
||
| 999 |
_c33907 _d33907 |
||